Gaming Quiz

Random Gaming or Pokémon Quiz

Pokemon Related Quiz Stats

Quiz not verified by Sporcle

Also try: Skyrim Skills
Challenge
Share
Tweet
Embed
Score 0/20 Timer 07:00
0 Plays Today
Hint Pokémon % Correct
Looks like PokéballVoltorb, Foongus, Amoonguss
77.1%
Easiest legendary Pokémon to catchMew, Celebi, Shaymin
67.1%
It can be any type.Arceus
67.1%
Pokémon with no weaknesses (not counting abilities)Sableye, Spiritomb
64.3%
The only legendary than can breedManaphy
59.5%
The only legit Pokémon with No. 000Victini
54.6%
Evolves twice via tradingPorygon
54%
Highest level catchable PokémonMagikarp
50.6%
The only pure-Flying type.Tornadus
50%
First Pokémon programmed.Rhydon
46.6%
Hint Pokémon % Correct
Highest level NPC PokémonPikachu
39.9%
Weakest Pokémon (in terms of base stats)Sunkern
38.4%
Needs highest (so far) level to evolve.Zweilous
29.9%
In Generation V, its ability is useless in one of its forms.Rotom
26.8%
Hardest non-legendary Pokémon to catchBeldum, Metang, Metagross
24.1%
The least resistant PokémonCelebi, Exeggutor, Exeggcute, Snover, Abomasnow
23.2%
Goes slowest through single evolutionary stage.Larvesta
18.6%
Pokémon with the most 1/4 resistancesHeatran
17.4%
Last Hoenn Pokémon programmed.Chimecho
15.5%
The most resistant PokémonsMagnemite, Magneton, Magnezone
14.6%

You're not logged in!

Compare scores with friends on all Sporcle quizzes.
Join for Free
OR
Log In

You Might Also Like...

Show Comments

Extras

Top Quizzes Today


Score Distribution

Your Account Isn't Verified!

In order to create a playlist on Sporcle, you need to verify the email address you used during registration. Go to your Sporcle Settings to finish the process.

Report this User

Report this user for behavior that violates our Community Guidelines.

Details: